El Llobregat : un camí d'aigua / text, Màrius Carol ; fotografia, Joaquim Castells un camí d'aigua / text, Màrius Carol ; fotografia, Joaquim Castells
Descripción Física:
31 p., [135] p. de làm., col. ; 32 cm
Otros Autores:
Castells, Kim, 1947-
Materias:
Llobregat (Catalunya : Curs d'aigua)
MARC
| LEADER | 00000nam a2200000Ia 4500 | ||
|---|---|---|---|
| 001 | 9517 | ||
| 008 | 160829s1991 xx 000 0 cat d | ||
| 080 | |a FOL-1-81 | ||
| 100 | |a Carol, Màrius |9 35436 | ||
| 245 | |a El Llobregat : |b un camí d'aigua / text, Màrius Carol ; fotografia, Joaquim Castells | ||
| 260 | |a Barcelona : |b Lunwerg : |b Diputació de Barcelona, |c 1991 | ||
| 300 | |a 31 p., [135] p. de làm., col. ; |c 32 cm | ||
| 651 | 0 | |a Llobregat (Catalunya : Curs d'aigua) |9 51022 | |
| 700 | |a Castells, Kim, |d 1947- |e fotografies |9 37595 | ||
| 710 | 1 | |a Barcelona (Catalunya : Província). |b Diputació |9 52408 | |
| 901 | |a Arxiu | ||
| 942 | |n 1 |2 udc | ||
| 952 | |0 0 |1 0 |4 0 |6 FOL181 |7 1 |9 46901 |a Arxiu |b Arxiu |d 2016-12-01 |l 0 |o FOL-1-81 |p 9517 |r 2016-12-01 00:00:00 |w 2016-12-01 |y ARXIU | ||
| 999 | |c 50694 |d 50694 | ||